Metaheuristic Optimization : Nature-Inspired Algorithms Swarm and Computational Intelligence, Theory and Applications /

Salvato in:
Dettagli Bibliografici
Autori principali: Okwu, Modestus O. (Autore), Tartibu, Lagouge K. (Autore)
Natura: Libro
Lingua:inglese
Pubblicazione: Cham : Springer, 2021
Tags: Aggiungi Tag
Nessun Tag, puoi essere il primo ad aggiungerne!!

MARC

LEADER 00000nam a22000003a 4500
001 0087863
003 SK-STU
005 20210413132255.5
007 ta
008 210413s ----xo-----e------000-0-----d
020 |a 978-3-030-61110-1 
040 |a STU  |b slo 
041 0 |a eng 
044 |a sz 
100 1 |a Okwu, Modestus O.  |4 aut  |r Z6 
245 1 0 |a Metaheuristic Optimization : Nature-Inspired Algorithms Swarm and Computational Intelligence, Theory and Applications /  |c aut. Modestus O Okwu, Lagouge K Tartibu 
260 |a Cham :  |b Springer,  |c 2021 
300 |a 192 s. 
700 1 |a Tartibu, Lagouge K.  |r Z6  |4 aut 
996 |b 284EK90255  |c E* 90255  |l EE35  |s P  |a 0  |w 0087863_0001